000 00467nam a2200157 4500
001 123933
003 ES-MaACL
005 20230906192258.0
007 t|
008 070214s1932 bl r ||||1| spa d
100 1 _aRamos Jiménez, Leopoldo.
_995327
245 1 3 _aEl Brasil
_b: su desarrollo económico-industrial /
_cLeopoldo Ramos Jiménez.
260 _aRío de Janeiro :
_bA. Coelho Branco,
_c1932.
300 _a256 p. ;
_c24 cm.
852 _aES-MaACL
_jA-4133
999 _c123933
_d123933